[Event "CZE-ch U14 Girls"]
[Site "Luhacovice"]
[Date "2022.03.16"]
[Round "6"]
[White "Svrchokrylova, Ludmila"]
[Black "Kaplanova, Dominika"]
[Result "0-1"]
[WhiteElo "1024"]
[BlackElo "1269"]
[PlyCount "80"]
[EventDate "2022.03.12"]
[EventType "swiss"]
[EventRounds "9"]
[EventCountry "CZE"]
[SourceTitle "EXT 2023"]
[Source "ChessBase"]
[SourceDate "2022.10.05"]
[SourceVersion "1"]
[SourceVersionDate "2022.10.05"]
[SourceQuality "1"]

1. e4 c6 2. d4 d5 3. Nc3 dxe4 4. Nxe4 Bf5 5. Ng3 Bg6 6. Nf3 e6 7. Bc4 c5 8. Be3 cxd4 9. Bxd4 Nc6 10. Qd2 a6 11. 0-0 Nxd4 12. Nxd4 Bc5 13. Nf3 Qxd2 14. Nxd2 Nf6 15. Nb3 Bb6 16. c3 0-0 17. Rad1 Rfd8 18. Rfe1 Ng4 19. Rxd8+ Rxd8 20. Rf1 Nxf2 21. Rxf2 Rd1+ 22. Nf1 Bxf2+ 23. Kxf2 Rb1 24. Kg1 b5 25. Be2 Rxb2 26. Bf3 Rxa2 27. Nc1 Rc2 28. Ne2 Bd3 29. Kf2 Bxe2 30. Bxe2 Rxc3 31. Nd2 Kf8 32. Ne4 Ra3 33. Ng5 g6 34. Nxh7+ Ke7 35. Ng5 b4 36. Ne4 b3 37. Nc3 a5 38. Bc4 a4 39. Ke3 b2 40. Kd2 Rxc3 0-1

[Event "CZE-ch U14"]
[Site "Herlikovice"]
[Date "2021.10.27"]
[Round "5"]
[White "Archlebova, Stela"]
[Black "Svrchokrylova, Ludmila"]
[Result "1-0"]
[WhiteElo "1228"]
[BlackElo "1044"]
[PlyCount "53"]
[EventDate "2021.10.23"]
[EventType "swiss"]
[EventRounds "9"]
[EventCountry "CZE"]
[SourceTitle "EXT 2023"]
[Source "ChessBase"]
[SourceDate "2022.10.05"]
[SourceVersion "1"]
[SourceVersionDate "2022.10.05"]
[SourceQuality "1"]

1. e4 e5 2. Bc4 Nf6 3. Nc3 Bc5 4. Nf3 d6 5. h3 Nc6 6. d3 b6 7. Bg5 h6 8. Bh4 Bb7 9. Bb5 Qd7 10. Nd5 Qe6 11. Nxc7+ Kd7 12. Nxe6 fxe6 13. Bxf6 gxf6 14. d4 exd4 15. Nxd4 Kc7 16. Nxc6 Bxc6 17. Bxc6 Kxc6 18. Qf3 Rae8 19. 0-0-0 Rhf8 20. e5+ Kc7 21. exd6+ Bxd6 22. Rxd6 Kxd6 23. Rd1+ Kc7 24. Qc3+ Kb7 25. Rd7+ Ka6 26. Qc4+ Ka5 27. Rxa7# 1-0

[Event "CZE-ch U14"]
[Site "Herlikovice"]
[Date "2021.10.24"]
[Round "2"]
[White "Svrchokrylova, Ludmila"]
[Black "Mikolas, Petr"]
[Result "0-1"]
[WhiteElo "1044"]
[BlackElo "1432"]
[PlyCount "52"]
[EventDate "2021.10.23"]
[EventType "swiss"]
[EventRounds "9"]
[EventCountry "CZE"]
[SourceTitle "EXT 2023"]
[Source "ChessBase"]
[SourceDate "2022.10.05"]
[SourceVersion "1"]
[SourceVersionDate "2022.10.05"]
[SourceQuality "1"]

1. e4 e5 2. f4 exf4 3. Nf3 g5 4. h3 Nc6 5. d4 d6 6. Bb5 Bd7 7. Nc3 Bg7 8. b3 a6 9. Bc4 f5 10. Bb2 g4 11. hxg4 fxg4 12. Nh2 Qh4+ 13. Kf1 Bxd4 14. Qd2 Be3 15. Qe2 Nd4 16. Qe1 g3 17. Nd5 Qxh2 18. Rxh2 gxh2 19. Nxe3 h1Q+ 20. Kf2 fxe3+ 21. Kg3 Qxe1+ 22. Rxe1 c5 23. Rxe3 Ne7 24. e5 Nef5+ 25. Kf2 Nxe3 26. Kxe3 d5 0-1

[Event "CZE-ch U14"]
[Site "Herlikovice"]
[Date "2021.10.23"]
[Round "1"]
[White "Dudarec, Elias"]
[Black "Svrchokrylova, Ludmila"]
[Result "1-0"]
[WhiteElo "1403"]
[BlackElo "1044"]
[PlyCount "69"]
[EventDate "2021.10.23"]
[EventType "swiss"]
[EventRounds "9"]
[EventCountry "CZE"]
[SourceTitle "EXT 2023"]
[Source "ChessBase"]
[SourceDate "2022.10.05"]
[SourceVersion "1"]
[SourceVersionDate "2022.10.05"]
[SourceQuality "1"]

1. e4 e5 2. Nf3 Nc6 3. Bc4 Bc5 4. Nc3 d6 5. d3 Bg4 6. h3 Bh5 7. a3 Nf6 8. Bg5 h6 9. Bh4 Qd7 10. Qd2 0-0-0 11. b4 Bb6 12. Rb1 Bxf3 13. gxf3 g5 14. Bg3 Nd4 15. Qd1 Nh7 16. Nd5 f5 17. c3 Nc6 18. a4 a6 19. Nxb6+ cxb6 20. b5 Ne7 21. bxa6 Nc6 22. Qb3 Qc7 23. Ke2 fxe4 24. fxe4 h5 25. f3 Rhf8 26. Bf2 Nf6 27. Bxb6 Qd7 28. Be6 Rfe8 29. Bxd7+ Rxd7 30. a7 Nxa7 31. Bxa7 Kd8 32. Bb6+ Ke7 33. Rhg1 Rg8 34. d4 exd4 35. cxd4 1-0

[Event "CZE-ch U12 Girls"]
[Site "Kouty nad Desnou"]
[Date "2020.03.09"]
[Round "4"]
[White "Svrchokrylova, Ludmila"]
[Black "Kaplanova, Dominika"]
[Result "1-0"]
[WhiteElo "1091"]
[BlackElo "1202"]
[PlyCount "109"]
[EventDate "2020.03.07"]
[EventType "swiss"]
[EventRounds "7"]
[EventCountry "CZE"]
[SourceTitle "CBM 195 Extra"]
[Source "ChessBase"]
[SourceDate "2020.05.31"]
[SourceVersion "1"]
[SourceVersionDate "2020.05.31"]
[SourceQuality "1"]

1. e4 e5 2. Nf3 Nc6 3. d4 exd4 4. Nxd4 Bc5 5. Be3 d6 6. Bb5 Bd7 7. Nc3 Nge7 8. Qd2 Nxd4 9. Bxd7+ Qxd7 10. Bxd4 Bxd4 11. Qxd4 0-0 12. 0-0-0 Nc6 13. Qd2 Qe6 14. Rdg1 Nb4 15. Kb1 Qh6 16. Qxh6 gxh6 17. a3 Nc6 18. Nd5 Nd4 19. Rd1 Ne6 20. f4 c6 21. Ne7+ Kh8 22. f5 Rae8 23. fxe6 Rxe7 24. exf7 Rxe4 25. Rxd6 Rxf7 26. Rxh6 Kg7 27. Rd6 Re2 28. g3 Rf6 29. Rxf6 Kxf6 30. Rf1+ Ke6 31. h4 Rg2 32. Rf3 Ke5 33. Ka2 Ke4 34. Rd3 Rxc2 35. Rd7 c5 36. Rxh7 b5 37. Rxa7 c4 38. Rb7 Kd3 39. Rxb5 c3 40. Rb3 Kd2 41. Rxc3 Rxc3 42. bxc3 Kxc3 43. a4 Kb4 44. a5 Kxa5 45. h5 Kb6 46. h6 Kc7 47. h7 Kd7 48. h8Q Kc7 49. Qf6 Kb8 50. Qd6+ Ka8 51. Kb3 Kb7 52. Kb4 Ka7 53. Kb5 Ka8 54. Qd7 Kb8 55. Kb6 1-0